banner koha

Comparacao do humus de capoeira e de floresta natural em latossolos amarelos da regiao amazonica, Brasil (Registro n. 315288)

MARC details
000 -LÍDER
campo de controle de tamanho fixo 01428naa a22003497a 4500
001 - NÚMERO DE CONTROLE
campo de controle BR8204773
003 - IDENTIFICADOR DO NÚMERO DE CONTROLE
campo de controle BR-BrBNA
005 - DATA E HORÁRIO DA ÚLTIMA TRANSAÇÃO
campo de controle 20240918175143.0
007 - CAMPO FIXO DE DESCRIÇÃO FÍSICA--INFORMAÇÃO GERAL
campo de controle de tamanho fixo ta
008 - CAMPO DE DADOS FIXOS--INFORMAÇÃO GERAL
campo de controle de tamanho fixo 230509b bl.||||| |||| 00| 0 por d
040 ## - FONTE DA CATALOGAÇÃO
Instituição da catalogação original BR-BrBNA
Idioma da catalogação por
Instituição que transcreveu o registro Biblioteca Nacional de Agricultura
041 ## - CÓDIGO DE IDIOMA
Código do idioma do texto/trilha sonora ou título diferente (Pt)
072 ## - CÓDIGO DE CATEGORIA DE ASSUNTO
Código de Categoria de Assunto F22
Código do objeto 3856
-- G514
-- GZ72
090 ## - NÚMERO DE CHAMADA LOCAL
Número de chamada F22 BR8204773
100 1# - ENTRADA PRINCIPAL--NOME PESSOAL
Nome pessoal Manarino, R.P.
100 1# - ENTRADA PRINCIPAL--NOME PESSOAL
Nome pessoal Volkoff, B.
100 1# - ENTRADA PRINCIPAL--NOME PESSOAL
Nome pessoal Cerri, C.C.
111 1# - ENTRADA PRINCIPAL--NOME DO EVENTO
Nome do evento ou lugar Coloquio Regional Sobre Materia Organica do Solo
Local do evento Piracicaba, SP (Brazil)
Data do evento ou assinatura do tratado 18-22 Oct 1982
245 1# - TÍTULO
Título Comparacao do humus de capoeira e de floresta natural em latossolos amarelos da regiao amazonica, Brasil
260 3# - PUBLICAÇÃO, DISTRIBUIÇÃO, ETC.
Local de publicação, distribuição, etc. Piracicaba, SP (Brasil):
Data da publicação, distribuição, etc. 1982.
500 ## - NOTA GERAL
Nota geral Cerri, C.C.; Vose, P.B.; Athie, D.; Sodrzeieski, D. (eds.)<br/>Anais do coloquio regional sobre materia organica do solo<br/>Piracicaba, SP (Brasil): 1982. p. 51-57<br/>(BR8204773-AM)F22<br/>
650 ## - ASSUNTO--TERMO TÓPICO
Cabeçalho tópico ou nome geográfico QUIMICA DO SOLO
650 ## - ASSUNTO--TERMO TÓPICO
Cabeçalho tópico ou nome geográfico HUMUS
650 ## - ASSUNTO--TERMO TÓPICO
Cabeçalho tópico ou nome geográfico MATERIA ORGANICA
650 ## - ASSUNTO--TERMO TÓPICO
Cabeçalho tópico ou nome geográfico CAPOEIRA
650 ## - ASSUNTO--TERMO TÓPICO
Cabeçalho tópico ou nome geográfico LATOSSOLO AMARELO
650 ## - ASSUNTO--TERMO TÓPICO
Cabeçalho tópico ou nome geográfico FLORESTA
650 ## - ASSUNTO--TERMO TÓPICO
Cabeçalho tópico ou nome geográfico AMAZONIA
773 0# - ENTRADA ANALÍTICA
Título Anais do coloquio regional sobre materia organica do solo
Entrada principal Cerri, C.C.; Vose, P.B.; Athie, D.; Sodrzeieski, D. (eds.). Centro de Energia Nuclear na Agricultura, Piracicaba, SP (Brasil)
Número de controle do registro F22 BR8204773
Partes relacionadas Piracicaba, SP (Brasil), 1982. p. 51-57
909 ## -
-- 202404
-- Lucia
-- 55
-- Lucia Elande
942 ## - ELEMENTOS DE ENTRADA ADICIONADOS (KOHA)
Tipo de material Koha Capítulo-Livro
Fonte da classificação ou esquema de arquivamento na estante Classificação AGRIS
Exemplares
Situação do descarte Fonte da classificação ou esquema de arquivamento na estante Situação física Não pode ser emprestado Coleção Biblioteca de origem Biblioteca atual Localização na estante Total de empréstimos Número de telefone completo Data de último acesso Número do exemplar Tipo de material Koha Situação das perdas Data de aquisição Fonte de aquisição
  Classificação AGRIS       Biblioteca Nacional de Agricultura - Binagri Biblioteca Nacional de Agricultura - Binagri Agrobase - Acervo Geral   3850 BR8204771 20/05/2024 01 Capítulo-Livro   2024-04-11 Portaria Interministerial nº 164/94

BINAGRI

Telefone: (61)3218-2567/2388/3357/2097 - binagri@agro.gov.br

Ministério da Agricultura e Pecuária , Esplanada dos Ministérios, Bloco D, Anexo B, Brasília/DF, CEP: 70.043-900